Score 0/12 Timer 01:00
0 Plays Today
% Correct
Peter (Simon)
94.6%
Judas Iscariot
94.6%
Simon (the Zealot)
86%
Andrew
84.9%
John (son of Zebedee)
82.8%
Bartholomew
82.8%
James (the Greater)
81.7%
Matthew (Levi)
81.7%
Philip (the Apostle)
80.6%
James (son of Alphaeus)
80.6%
Jude (Thaddeus)
79.6%
Thomas
78.5%
Remove Ads.
Support Sporcle.
Get the best of Sporcle when you Go Orange. This ad-free experience offers more features, more stats, and more fun while also helping to support Sporcle. Thank you for becoming a member.

You're not logged in!

Compare scores with friends on all Sporcle quizzes.
OR
Log In

Sporcle TV

Today on Sporcle TV


Watch our educational content, quiz creation guides, and fun videos on Sporcle TV.

Show Comments

Extras

Top Quizzes Today


Score Distribution

Paid Content

Your Account Isn't Verified!

In order to create a playlist on Sporcle, you need to verify the email address you used during registration. Go to your Sporcle Settings to finish the process.

Report this User

Report this user for behavior that violates our Community Guidelines.

Details: